000 00500nam a2200169 a 4500
001 000016686
005 20200929164940.0
008 100309s1936 dr 000 0 spa d
040 _aDO-SdBNP
_bspa
_cBNPHU
082 _axxx
_bG633m
100 1 _aGómez O., Max B.
_937040
245 1 0 _aMy first steps in English /
_cMax B. Gómez O.
260 _aCiudad Trujillo :
_bTipografía Franciscana,
_c1936.
300 _a138 p. ;
_c25 cm.
500 _aIncluye notas al pie de las páginas
049 _aBNPD
999 _c16219
_d16219